| 000 | 00314nam a22001097a 4500 | ||
|---|---|---|---|
| 082 | _a621.384152 CAM'P | ||
| 100 |
_aCAMRIES, B. S _980027 |
||
| 245 | _aPRINCIPLES OF FREQUNCY MODULATION APPLICATIONS IN RADIO TRANSMITTERS AND RECEIVERS AND RADARS | ||
| 260 |
_aLONDON _bILIFFE _c1959 |
||
| 300 | _a147P | ||
| 942 | _cBK | ||
| 999 |
_c585005 _d585005 |
||